[Event "Marcel Duchamp Cup"]
[Site "Montevideo URU"]
[Date "2024.02.06"]
[Round "6.5"]
[White "Garcia Palermo, Carlos Horacio"]
[Black "Piasetski, Leon"]
[Result "1-0"]
[WhiteElo "2403"]
[BlackElo "2151"]
[PlyCount "53"]
[GameId "2130307547990434"]
[EventDate "2024.02.01"]
[EventType "swiss"]
[EventRounds "9"]
[EventCountry "URU"]
[SourceTitle "10 Days #749"]
[Source "ChessMix"]
[SourceDate "2024.02.10"]
[SourceVersion "1"]
[SourceVersionDate "2024.02.10"]
[SourceQuality "1"]

1. d4 Nf6 2. c4 e6 3. Nf3 b6 4. g3 Ba6 5. Qa4 Be7 6. Bg2 O-O 7. Ne5 c6 8. Nc3 Bb7 9. O-O d5 10. Rd1 Nfd7 11. Nxd7 Nxd7 12. e4 dxc4 13. d5 b5 14. Qc2 Re8 15. dxe6 fxe6 16. Bh3 Bb4 17. e5 Bxc3 18. Qxc3 c5 19. a4 Bd5 20. axb5 Qc7 21. Bf4 g5 22. Rxd5 exd5 23. e6 gxf4 24. exd7 Re7 25. Qf6 Qe5 26. Qxe5 Rxe5 27. b6 1-0

[Event "Marcel Duchamp Cup"]
[Site "Montevideo URU"]
[Date "2024.02.07"]
[Round "7.11"]
[White "Piasetski, Leon"]
[Black "Soto, Nicolas"]
[Result "1-0"]
[WhiteElo "2151"]
[BlackElo "1991"]
[PlyCount "65"]
[GameId "2130307547994595"]
[EventDate "2024.02.01"]
[EventType "swiss"]
[EventRounds "9"]
[EventCountry "URU"]
[SourceTitle "10 Days #749"]
[Source "ChessMix"]
[SourceDate "2024.02.10"]
[SourceVersion "1"]
[SourceVersionDate "2024.02.10"]
[SourceQuality "1"]

1. Nf3 d5 2. d4 Nf6 3. c4 c6 4. e3 Bf5 5. Nc3 e6 6. Nh4 Be4 7. f3 Bg6 8. g3 a6 9. c5 Be7 10. Nxg6 hxg6 11. Rb1 g5 12. f4 Qc7 13. b4 Nbd7 14. Bd3 g6 15. Qf3 g4 16. Qe2 Kf8 17. Nd1 Kg7 18. Nf2 Nh5 19. Qxg4 f5 20. Qf3 Kf7 21. g4 Nhf6 22. Qg2 Rh4 23. g5 Ne4 24. Nxe4 fxe4 25. Be2 b5 26. Qg3 Rah8 27. Bd2 Qd8 28. Bg4 R8h7 29. h3 Nf8 30. Kf2 Nd7 31. Kg2 Qc7 32. Bxe6+ Kg7 33. f5 1-0

[Event "Marcel Duchamp Cup"]
[Site "Montevideo URU"]
[Date "2024.02.08"]
[Round "8.6"]
[White "Carbone, Diego"]
[Black "Piasetski, Leon"]
[Result "0-1"]
[WhiteElo "2275"]
[BlackElo "2151"]
[PlyCount "132"]
[GameId "2130307547998740"]
[EventDate "2024.02.01"]
[EventType "swiss"]
[EventRounds "9"]
[EventCountry "URU"]
[SourceTitle "10 Days #749"]
[Source "ChessMix"]
[SourceDate "2024.02.10"]
[SourceVersion "1"]
[SourceVersionDate "2024.02.10"]
[SourceQuality "1"]

1. d4 Nf6 2. c4 e6 3. g3 Bb4+ 4. Bd2 Qe7 5. Nf3 Nc6 6. Nc3 Bxc3 7. Bxc3 Ne4 8. Rc1 d5 9. Bg2 O-O 10. O-O Nxc3 11. Rxc3 Rd8 12. Qc2 Bd7 13. Rc1 Be8 14. a3 a5 15. e3 h6 16. cxd5 exd5 17. Rc5 Rd6 18. Ne1 Qd8 19. Nd3 Ne7 20. Rc3 a4 21. Bh3 Bb5 22. Nc5 Bc6 23. Bf1 Ra7 24. b4 axb3 25. Qxb3 Qa8 26. Nd3 Ba4 27. Qb4 Qd8 28. Qb2 Rb6 29. Qd2 c6 30. Nb4 Bb5 31. Bg2 Bc4 32. e4 Rb5 33. Nc2 Rb3 34. Ne3 Rxc3 35. Rxc3 b5 36. e5 Qa8 37. Nc2 Ra4 38. h4 Qa7 39. Qe3 Ba2 40. Bh3 Rc4 41. Nb4 Bb1 42. Qc1 Be4 43. Rxc4 bxc4 44. Qd1 c5 45. dxc5 Qxc5 46. Bf1 Ng6 47. Qa4 d4 48. Qe8+ Kh7 49. e6 fxe6 50. Qxe6 Ne5 51. Na6 Nf3+ 52. Kh1 Qd5 53. Qxd5 Bxd5 54. Nb4 Be4 55. Bg2 Kg6 56. Na2 Kf5 57. a4 g5 58. hxg5 hxg5 59. g4+ Kxg4 60. a5 Kf4 61. a6 g4 62. a7 g3 63. fxg3+ Kxg3 64. Nb4 Kf2 65. Nc2 d3 66. Nd4 d2 0-1

[Event "Floripa op"]
[Site "Florianopolis BRA"]
[Date "2024.01.20"]
[Round "1.54"]
[White "Cunha, Rodrigo Azalim"]
[Black "Piasetski, Leon"]
[Result "0-1"]
[WhiteElo "1540"]
[BlackElo "2155"]
[PlyCount "62"]
[GameId "2130307548362016"]
[EventDate "2024.01.20"]
[EventType "swiss"]
[EventRounds "10"]
[EventCountry "BRA"]
[SourceTitle "10 Days #748"]
[Source "ChessMix "]
[SourceDate "2024.02.01"]
[SourceVersion "1"]
[SourceVersionDate "2024.02.01"]
[SourceQuality "1"]

1. e4 c5 2. Nc3 e6 3. g3 a6 4. Bg2 b5 5. Nf3 Bb7 6. Qe2 Nc6 7. O-O Nge7 8. a3 Nd4 9. Nxd4 cxd4 10. Nd1 Nc6 11. c3 Bc5 12. d3 O-O 13. Kh1 Qe7 14. f4 Rae8 15. f5 exf5 16. Rxf5 g6 17. Rxc5 Qxc5 18. Bh6 d5 19. Qf2 dxe4 20. Bxe4 Qh5 21. Bxf8 Rxe4 22. dxe4 Ne5 23. Qxd4 Qf3+ 24. Kg1 Bxe4 25. Ne3 Qh1+ 26. Kf2 Qxh2+ 27. Ng2 Qxg2+ 28. Ke3 Ng4+ 29. Kf4 Qf3+ 30. Kg5 Qf5+ 31. Kh4 Qh5# 0-1

[Event "Floripa op"]
[Site "Florianopolis BRA"]
[Date "2024.01.21"]
[Round "2.48"]
[White "Piasetski, Leon"]
[Black "Barbosa, Flavio Novais"]
[Result "1-0"]
[WhiteElo "2155"]
[BlackElo "1827"]
[PlyCount "71"]
[GameId "2130307548374522"]
[EventDate "2024.01.20"]
[EventType "swiss"]
[EventRounds "10"]
[EventCountry "BRA"]
[SourceTitle "10 Days #748"]
[Source "ChessMix "]
[SourceDate "2024.02.01"]
[SourceVersion "1"]
[SourceVersionDate "2024.02.01"]
[SourceQuality "1"]

1. Nf3 Nf6 2. c4 c6 3. g3 d5 4. Bg2 g6 5. b3 Bg7 6. Bb2 O-O 7. O-O e6 8. d3 b6 9. Nbd2 Bb7 10. b4 Qe7 11. Rb1 Rd8 12. Qc2 Ne8 13. Bxg7 Kxg7 14. d4 Nd7 15. e4 b5 16. exd5 exd5 17. Rfe1 Qf6 18. c5 a5 19. a3 a4 20. Re3 Nc7 21. Rbe1 Re8 22. Bh3 Rxe3 23. Rxe3 Ne6 24. Bxe6 fxe6 25. Qd1 Re8 26. Qe2 Bc8 27. Ne5 Nxe5 28. Rxe5 Rf8 29. Kg2 Re8 30. Qe3 Bd7 31. Nf3 Re7 32. h4 Be8 33. Nh2 Bd7 34. Ng4 Qf8 35. h5 Rf7 36. hxg6 1-0

[Event "Floripa op"]
[Site "Florianopolis BRA"]
[Date "2024.01.23"]
[Round "5.53"]
[White "Piasetski, Leon"]
[Black "Eger, Laura Luisa"]
[Result "1-0"]
[WhiteElo "2155"]
[BlackElo "1848"]
[PlyCount "69"]
[GameId "2130307548403815"]
[EventDate "2024.01.20"]
[EventType "swiss"]
[EventRounds "10"]
[EventCountry "BRA"]
[SourceTitle "10 Days #748"]
[Source "ChessMix "]
[SourceDate "2024.02.01"]
[SourceVersion "1"]
[SourceVersionDate "2024.02.01"]
[SourceQuality "1"]

1. Nf3 d5 2. e3 Nf6 3. c4 c6 4. b3 Bf5 5. Bb2 e6 6. Be2 h6 7. O-O Be7 8. Nc3 O-O 9. d4 a5 10. Bd3 Bxd3 11. Qxd3 Nbd7 12. Rad1 Qc7 13. h3 Rfd8 14. a3 Nb6 15. Ne5 dxc4 16. bxc4 Nfd7 17. f4 Nf6 18. e4 a4 19. Qc2 c5 20. Nb5 Qc8 21. d5 Ne8 22. dxe6 Qxe6 23. f5 Qc8 24. Ng4 Qc6 25. Ne5 Qc8 26. Rxd8 Bxd8 27. Ng4 Nf6 28. Bxf6 Bxf6 29. e5 Bg5 30. e6 Qf8 31. Qe4 h5 32. Ne5 fxe6 33. fxe6 Bf6 34. Ng6 Qd8 35. Qxb7 1-0

[Event "Floripa op"]
[Site "Florianopolis BRA"]
[Date "2024.01.24"]
[Round "6.40"]
[White "Piasetski, Leon"]
[Black "Ferreira, Andrei Dias"]
[Result "1/2-1/2"]
[WhiteElo "2155"]
[BlackElo "1977"]
[PlyCount "49"]
[GameId "2130307548412212"]
[EventDate "2024.01.20"]
[EventType "swiss"]
[EventRounds "10"]
[EventCountry "BRA"]
[SourceTitle "10 Days #748"]
[Source "ChessMix "]
[SourceDate "2024.02.01"]
[SourceVersion "1"]
[SourceVersionDate "2024.02.01"]
[SourceQuality "1"]

1. Nf3 Nf6 2. c4 e6 3. g3 b6 4. Bg2 Bb7 5. O-O c5 6. Nc3 a6 7. Re1 Be7 8. e4 d6 9. d4 cxd4 10. Nxd4 Qc7 11. b3 b5 12. Bb2 bxc4 13. Rc1 Nbd7 14. Na4 Rc8 15. Rxc4 Qb8 16. Rb4 O-O 17. e5 d5 18. Rxb7 Qxb7 19. exf6 Bxf6 20. Bf1 Nb6 21. Nc3 Qa7 22. Ba1 Nd7 23. Na4 Nc5 24. Nc3 Nd7 25. Na4 1/2-1/2

[Event "Floripa op"]
[Site "Florianopolis BRA"]
[Date "2024.01.25"]
[Round "7.39"]
[White "Da Silva, Lucas Pereira Mende"]
[Black "Piasetski, Leon"]
[Result "1-0"]
[WhiteElo "1974"]
[BlackElo "2155"]
[PlyCount "63"]
[GameId "2130307548420587"]
[EventDate "2024.01.20"]
[EventType "swiss"]
[EventRounds "10"]
[EventCountry "BRA"]
[SourceTitle "10 Days #748"]
[Source "ChessMix "]
[SourceDate "2024.02.01"]
[SourceVersion "1"]
[SourceVersionDate "2024.02.01"]
[SourceQuality "1"]

1. e4 c5 2. Nf3 e6 3. d4 cxd4 4. Nxd4 a6 5. Nc3 b5 6. Bd3 Qb6 7. Be3 Bc5 8. Nce2 Nc6 9. c3 Nxd4 10. cxd4 Bb4+ 11. Nc3 Nf6 12. O-O Bb7 13. Qf3 O-O 14. d5 Bc5 15. Bg5 Bd4 16. Bxf6 gxf6 17. Qh3 Rfc8 18. Ne2 Bxb2 19. Rad1 f5 20. exf5 Bxd5 21. fxe6 dxe6 22. Qxh7+ Kf8 23. Nf4 Rd8 24. Bg6 Ra7 25. Nxd5 Rxd5 26. Rxd5 exd5 27. Bd3 Rc7 28. Qh4 Qf6 29. Qb4+ Kg8 30. Qg4+ Qg7 31. Qh4 Qf6 32. Qg3+ 1-0

[Event "Floripa op"]
[Site "Florianopolis BRA"]
[Date "2024.01.26"]
[Round "8.66"]
[White "Cezar, Ricardo De Almeida"]
[Black "Piasetski, Leon"]
[Result "0-1"]
[WhiteElo "1809"]
[BlackElo "2155"]
[PlyCount "36"]
[GameId "2130307548433086"]
[EventDate "2024.01.20"]
[EventType "swiss"]
[EventRounds "10"]
[EventCountry "BRA"]
[SourceTitle "10 Days #748"]
[Source "ChessMix "]
[SourceDate "2024.02.01"]
[SourceVersion "1"]
[SourceVersionDate "2024.02.01"]
[SourceQuality "1"]

1. d4 Nf6 2. c4 e6 3. Nc3 Bb4 4. Qc2 Nc6 5. Nf3 d5 6. cxd5 exd5 7. Bg5 h6 8. Bh4 g5 9. Bg3 Ne4 10. e3 Qe7 11. Bd3 Nxg3 12. hxg3 g4 13. Nd2 Nxd4 14. Qa4+ Bd7 15. Nxd5 Bxa4 16. Nxe7 Kxe7 17. exd4 Rad8 18. Rc1 Rxd4 0-1

[Event "Floripa op"]
[Site "Florianopolis BRA"]
[Date "2024.01.27"]
[Round "9.44"]
[White "Piasetski, Leon"]
[Black "Marcolino, Antonio Claudio H."]
[Result "1-0"]
[WhiteElo "2155"]
[BlackElo "1925"]
[PlyCount "59"]
[GameId "2129404700796751"]
[EventDate "2024.01.20"]
[EventType "swiss"]
[EventRounds "10"]
[EventCountry "BRA"]
[SourceTitle "10 Days #748"]
[Source "ChessMix "]
[SourceDate "2024.02.01"]
[SourceVersion "1"]
[SourceVersionDate "2024.02.01"]
[SourceQuality "1"]

{[%evp 0,59,17,21,20,-9,23,27,37,15,26,32,29,27,52,13,13,28,14,10,9,9,4,4,23,-14,10,4,15,15,19,27,43,35,39,32,41,1,41,39,90,90,112,139,138,138,216,224,215,233,233,233,239,239,254,254,251,250,251,249,353,350]} 1. Nf3 Nf6 2. c4 b6 3. d4 e6 4. a3 d5 5. cxd5 exd5 6. Nc3 Be7 7. g3 O-O 8. Bg2 Bb7 9. O-O c5 10. Bg5 Nbd7 11. Rc1 Re8 12. e3 h6 13. Bxf6 Nxf6 14. Ne5 cxd4 15. exd4 Bf8 16. Qb3 Rc8 17. Rfe1 Rc7 18. Bh3 Bc8 19. Bf1 Re6 20. Nb5 Rxc1 21. Rxc1 a5 22. Nc6 Qe8 23. Nc7 Qxc6 24. Rxc6 Rxc6 25. Nxd5 Nxd5 26. Qxd5 Rc1 27. Kg2 Rc7 28. Qb3 Bb7+ 29. f3 Rd7 30. Qxb6 1-0

[Event "Redmond USA, PNWCC Schev-2 Sept 2023"]
[Site "Redmond USA"]
[Date "2023.08.29"]
[Round "1.5"]
[White "Piasetski, Leon"]
[Black "Thomas, Damarcus"]
[Result "1/2-1/2"]
[WhiteElo "2239"]
[BlackElo "1685"]
[PlyCount "85"]
[GameId "2129404705423842"]
[EventDate "2023.08.29"]
[EventType "schev"]
[EventRounds "10"]
[EventCountry "USA"]
[SourceTitle "10 Days #735"]
[Source "ChessMix "]
[SourceDate "2023.09.20"]
[SourceVersion "1"]
[SourceVersionDate "2023.09.20"]
[SourceQuality "1"]
[WhiteTeam "Masters"]
[BlackTeam "Challengers"]

1. c4 Nf6 2. Nc3 d5 3. cxd5 Nxd5 4. g3 Nxc3 5. bxc3 g6 6. Bg2 Bg7 7. Rb1 c6 8. Nf3 O-O 9. Qa4 Nd7 10. O-O Nb6 11. Qc2 e5 12. d3 h6 13. a4 Re8 14. Nd2 Qc7 15. Ba3 Bf5 16. a5 Nc8 17. Qa4 Rb8 18. c4 a6 19. Bc5 Bf8 20. Bxf8 Rxf8 21. Rb2 Bd7 22. Rfb1 f5 23. Qa3 Nd6 24. Qc3 Rfe8 25. e3 Kh7 26. Nb3 c5 27. Nd2 e4 28. dxe4 fxe4 29. Rb6 Bc6 30. Qa3 Re5 31. Qc3 Re7 32. Qc2 Rf8 33. Rxc6 bxc6 34. Nxe4 Nxe4 35. Bxe4 Qd6 36. Rb6 Qf6 37. Rxc6 Re6 38. Rxe6 Qxe6 39. Kg2 Rb8 40. h4 Qf6 41. Bf3 Kg7 42. Qd3 Rd8 43. Qe4 $11 1/2-1/2

[Event "Redmond USA, PNWCC Schev-2 Sept 2023"]
[Site "Redmond USA"]
[Date "2023.09.02"]
[Round "5.5"]
[White "Piasetski, Leon"]
[Black "Vemparala, Nikash"]
[Result "1/2-1/2"]
[WhiteElo "2239"]
[BlackElo "2187"]
[PlyCount "32"]
[GameId "2129404705423845"]
[EventDate "2023.08.29"]
[EventType "schev"]
[EventRounds "10"]
[EventCountry "USA"]
[SourceTitle "10 Days #735"]
[Source "ChessMix "]
[SourceDate "2023.09.20"]
[SourceVersion "1"]
[SourceVersionDate "2023.09.20"]
[SourceQuality "1"]
[WhiteTeam "Masters"]
[BlackTeam "Challengers"]

1. Nf3 d5 2. g3 e6 3. Bg2 Nf6 4. O-O Bd6 5. d3 O-O 6. Nbd2 e5 7. e4 c6 8. d4 Nbd7 9. dxe5 Nxe5 10. Nxe5 Bxe5 11. exd5 Nxd5 12. Nc4 Bf6 13. c3 Be6 14. Ne3 $11 Nxe3 15. Bxe3 Qa5 16. a4 Rfd8 1/2-1/2

[Event "ProAm 100 anos FADA"]
[Site "Buenos Aires ARG"]
[Date "2022.10.11"]
[Round "1.58"]
[White "Montiel Caceres, Helen"]
[Black "Piasetski, Leon"]
[Result "1-0"]
[WhiteElo "1695"]
[BlackElo "2225"]
[PlyCount "43"]
[GameId "2130307569402453"]
[EventDate "2022.10.11"]
[EventType "swiss"]
[EventRounds "9"]
[EventCountry "ARG"]
[SourceTitle "10 Days #702"]
[Source "ChessMix"]
[SourceDate "2022.10.20"]
[SourceVersion "1"]
[SourceVersionDate "2022.10.20"]
[SourceQuality "1"]

1. d4 Nf6 2. c4 e6 3. Nc3 Bb4 4. f3 d5 5. a3 Bxc3+ 6. bxc3 c5 7. cxd5 Nxd5 8. dxc5 Nd7 9. e4 Ne7 10. Be3 Qa5 11. Ne2 O-O 12. Qd6 Nc6 13. Kf2 Nde5 14. Nd4 Qxc3 15. Nxc6 Nxc6 16. Be2 e5 17. Rhd1 Be6 18. Rab1 Qxa3 19. Rxb7 Rac8 20. Rc7 Rxc7 21. Qxc7 Rc8 22. Qxc6 1-0

[Event "ProAm 100 anos FADA"]
[Site "Buenos Aires ARG"]
[Date "2022.10.12"]
[Round "2.48"]
[White "Piasetski, Leon"]
[Black "Bendahan, Matias"]
[Result "1-0"]
[WhiteElo "2225"]
[BlackElo "1834"]
[PlyCount "51"]
[GameId "2130307569406620"]
[EventDate "2022.10.11"]
[EventType "swiss"]
[EventRounds "9"]
[EventCountry "ARG"]
[SourceTitle "10 Days #702"]
[Source "ChessMix"]
[SourceDate "2022.10.20"]
[SourceVersion "1"]
[SourceVersionDate "2022.10.20"]
[SourceQuality "1"]

1. c4 Nf6 2. Nf3 e6 3. g3 d5 4. Bg2 Be7 5. O-O O-O 6. d4 b6 7. cxd5 exd5 8. Nc3 Bb7 9. Ne5 Nbd7 10. Qa4 Nxe5 11. dxe5 Ne8 12. Nxd5 Bxd5 13. Rd1 c6 14. e4 Nc7 15. exd5 cxd5 16. Be3 Bc5 17. Bxc5 bxc5 18. Qc6 Qe7 19. Qd6 Rae8 20. Rac1 Qxe5 21. Qxe5 Rxe5 22. Rxc5 Re7 23. Rdc1 Na6 24. Rxd5 Nb4 25. Rd4 Rb8 26. Rxb4 1-0

[Event "ProAm 100 anos FADA"]
[Site "Buenos Aires ARG"]
[Date "2022.10.13"]
[Round "3.38"]
[White "Cruz Pereyra, Andresantoni"]
[Black "Piasetski, Leon"]
[Result "1/2-1/2"]
[WhiteElo "2034"]
[BlackElo "2225"]
[PlyCount "73"]
[GameId "2130307569406688"]
[EventDate "2022.10.11"]
[EventType "swiss"]
[EventRounds "9"]
[EventCountry "ARG"]
[SourceTitle "10 Days #702"]
[Source "ChessMix"]
[SourceDate "2022.10.20"]
[SourceVersion "1"]
[SourceVersionDate "2022.10.20"]
[SourceQuality "1"]

1. e4 c5 2. Nc3 e6 3. Nf3 a6 4. d4 cxd4 5. Nxd4 Nc6 6. Nxc6 bxc6 7. Bf4 d5 8. exd5 cxd5 9. Be2 Nf6 10. O-O Be7 11. Qd4 O-O 12. Be5 Ne8 13. Rfd1 Bb7 14. Bf3 Bd6 15. Na4 Qc7 16. Bxd6 Nxd6 17. c3 Nf5 18. Qb6 Rfc8 19. b4 Bc6 20. Qxc7 Rxc7 21. Nc5 Bb5 22. Rd2 Nd6 23. a4 Bc4 24. Rd4 Raa7 25. Rad1 Kf8 26. g3 Ne8 27. Rxc4 dxc4 28. Be2 Ke7 29. Bxc4 a5 30. Re1 Nf6 31. Bb3 Nd7 32. Ne4 f5 33. Ng5 Rxc3 34. Nxe6 Kf6 35. Nd4 Ra6 36. bxa5 Rc5 37. f4 1/2-1/2

[Event "ProAm 100 anos FADA"]
[Site "Buenos Aires ARG"]
[Date "2022.10.16"]
[Round "6.34"]
[White "Piasetski, Leon"]
[Black "Ferrari, Franco"]
[Result "1/2-1/2"]
[WhiteElo "2225"]
[BlackElo "1870"]
[PlyCount "82"]
[GameId "2130307569419210"]
[EventDate "2022.10.11"]
[EventType "swiss"]
[EventRounds "9"]
[EventCountry "ARG"]
[SourceTitle "10 Days #702"]
[Source "ChessMix"]
[SourceDate "2022.10.20"]
[SourceVersion "1"]
[SourceVersionDate "2022.10.20"]
[SourceQuality "1"]

1. c4 e5 2. g3 Nc6 3. Bg2 g6 4. Nc3 Bg7 5. d3 d6 6. e3 f5 7. Nge2 Nf6 8. e4 O-O 9. O-O f4 10. gxf4 Nh5 11. fxe5 Nxe5 12. f4 Nc6 13. Be3 Be6 14. Qd2 Qd7 15. Rf2 Bf6 16. Ng3 Bh4 17. Nxh5 Bxf2+ 18. Bxf2 gxh5 19. f5 Bf7 20. Bh4 Ne5 21. Bf6 Ng4 22. Qg5+ Bg6 23. Nd5 Nxf6 24. Nxf6+ Rxf6 25. Qxf6 Bf7 26. Kh1 Qd8 27. Qc3 h6 28. Rg1 Kh7 29. Bf3 Qh8 30. f6 Rg8 31. Rxg8 Qxg8 32. e5 Bg6 33. Bxb7 Qe6 34. d4 Qf5 35. Qf3 Qb1+ 36. Kg2 Qxb2+ 37. Kh3 Qxd4 38. f7 Qg4+ 39. Qxg4 hxg4+ 40. Kxg4 Bxf7 41. Be4+ Bg6 1/2-1/2

[Event "ProAm 100 anos FADA"]
[Site "Buenos Aires ARG"]
[Date "2022.10.16"]
[Round "7.35"]
[White "Naboulet, Pablo Leon"]
[Black "Piasetski, Leon"]
[Result "1/2-1/2"]
[WhiteElo "1829"]
[BlackElo "2225"]
[PlyCount "84"]
[GameId "2130307569423388"]
[EventDate "2022.10.11"]
[EventType "swiss"]
[EventRounds "9"]
[EventCountry "ARG"]
[SourceTitle "10 Days #702"]
[Source "ChessMix"]
[SourceDate "2022.10.20"]
[SourceVersion "1"]
[SourceVersionDate "2022.10.20"]
[SourceQuality "1"]

1. e4 c5 2. Nf3 e6 3. d4 cxd4 4. Nxd4 a6 5. c4 Nf6 6. Nc3 Bb4 7. Qd3 Qc7 8. a3 Be7 9. Be2 Nc6 10. Nxc6 bxc6 11. O-O O-O 12. Be3 c5 13. f4 d6 14. Bf3 Rb8 15. Qc2 Nd7 16. Rad1 Nb6 17. b3 Bd7 18. Rf2 Rfd8 19. Rfd2 Be8 20. g4 Bf6 21. g5 Bd4 22. Bxd4 cxd4 23. Rxd4 e5 24. fxe5 dxe5 25. Nd5 Qa7 26. c5 exd4 27. cxb6 Rxb6 28. Nxb6 Qxb6 29. b4 h6 30. gxh6 Qxh6 31. Qd2 Qf6 32. Bg2 Bc6 33. Qd3 Bb5 34. Qf3 Qe6 35. Rd2 Qh6 36. Rd1 Rc8 37. Rxd4 Qb6 38. Qe3 Rc6 39. e5 Rc1+ 40. Kf2 Rc2+ 41. Kg1 Rc1+ 42. Kf2 Rc2+ 1/2-1/2

[Event "ProAm 100 anos FADA"]
[Site "Buenos Aires ARG"]
[Date "2022.10.17"]
[Round "8.34"]
[White "Piasetski, Leon"]
[Black "Rodriguez, Mathias"]
[Result "1/2-1/2"]
[WhiteElo "2225"]
[BlackElo "2082"]
[PlyCount "79"]
[GameId "2130307569427563"]
[EventDate "2022.10.11"]
[EventType "swiss"]
[EventRounds "9"]
[EventCountry "ARG"]
[SourceTitle "10 Days #702"]
[Source "ChessMix"]
[SourceDate "2022.10.20"]
[SourceVersion "1"]
[SourceVersionDate "2022.10.20"]
[SourceQuality "1"]

1. g3 c5 2. Bg2 Nc6 3. e3 e5 4. Ne2 d6 5. d4 cxd4 6. exd4 Bg4 7. Be3 Nge7 8. d5 Nb8 9. h3 Bh5 10. g4 Bg6 11. f4 f5 12. Nbc3 e4 13. Ng3 Nd7 14. Qd2 Nf6 15. Bd4 fxg4 16. Bxf6 gxf6 17. hxg4 f5 18. gxf5 Nxf5 19. Bxe4 Nxg3 20. Bxg6+ Kd7 21. Rh3 Qf6 22. Qe3 hxg6 23. Qe6+ Qxe6+ 24. dxe6+ Kxe6 25. Rxh8 Nh5 26. O-O-O Nxf4 27. Rf1 g5 28. Rg8 Rc8 29. Kd1 Kd7 30. Rxg5 Be7 31. Rg4 Ne6 32. Re1 Bf6 33. Nd5 Bxb2 34. Rb4 Be5 35. Rh1 Nc5 36. Rh7+ Ke6 37. Nf4+ Bxf4 38. Rxf4 Kd5 39. c4+ Kc6 40. Kc2 1/2-1/2

[Event "ProAm 100 anos FADA"]
[Site "Buenos Aires ARG"]
[Date "2022.10.18"]
[Round "9.36"]
[White "Acosta, Franco Emanuel"]
[Black "Piasetski, Leon"]
[Result "1/2-1/2"]
[WhiteElo "1956"]
[BlackElo "2225"]
[PlyCount "111"]
[GameId "2130307569435837"]
[EventDate "2022.10.11"]
[EventType "swiss"]
[EventRounds "9"]
[EventCountry "ARG"]
[SourceTitle "10 Days #702"]
[Source "ChessMix"]
[SourceDate "2022.10.20"]
[SourceVersion "1"]
[SourceVersionDate "2022.10.20"]
[SourceQuality "1"]

1. e4 c5 2. Nf3 e6 3. b3 a6 4. Bb2 d6 5. d4 cxd4 6. Nxd4 Nf6 7. Nc3 b5 8. a3 Bb7 9. Qe2 Nbd7 10. g4 Qb6 11. O-O-O e5 12. Nf5 g6 13. Ng3 Bh6+ 14. Kb1 Bf4 15. Qf3 Nc5 16. h4 h6 17. Nd5 Nxd5 18. exd5 O-O-O 19. Ne2 g5 20. Nxf4 gxf4 21. Be2 f6 22. Bd3 Nxd3 23. Rxd3 Kb8 24. Rd2 Rhg8 25. Qe2 Bc8 26. f3 h5 27. gxh5 Bf5 28. Ka2 Rg3 29. Qf2 Qxf2 30. Rxf2 Rc8 31. Rhh2 Rc5 32. Rhg2 Rxg2 33. Rxg2 Rxc2 34. Rxc2 Bxc2 35. Bc1 Kc7 36. Kb2 Bh7 37. Kc3 Kb6 38. b4 Kc7 39. Bd2 Kd7 40. Be1 Ke7 41. h6 Kf8 42. h5 Bg8 43. Bh4 Bxd5 44. h7 Kg7 45. Bxf6+ Kxh7 46. Be7 Kh6 47. Bxd6 Kxh5 48. Bxe5 Kg5 49. Kd2 Bxf3 50. Ke1 Kf5 51. Bc7 Ke4 52. Kd2 Bg4 53. Bb6 Kd5 54. Kc3 Ke4 55. Kd2 Kf3 56. Ke1 1/2-1/2

[Event "Gibraltar Challengers-A"]
[Site "Gibraltar ENG"]
[Date "2020.01.24"]
[Round "5.2"]
[White "Piasetski, Leon"]
[Black "Levay, Sorin"]
[Result "1-0"]
[WhiteElo "2219"]
[BlackElo "2192"]
[PlyCount "97"]
[GameId "2130307598722404"]
[EventDate "2020.01.20"]
[EventType "swiss"]
[EventRounds "5"]
[EventCountry "ENG"]
[SourceTitle "10 Days #604"]
[Source "ChessMix"]
[SourceDate "2020.02.01"]
[SourceVersion "1"]
[SourceVersionDate "2020.02.01"]
[SourceQuality "1"]

1. c4 g6 2. Nf3 Bg7 3. e4 d6 4. d4 Bg4 5. Be2 c5 6. d5 Qa5+ 7. Nbd2 Bxf3 8. Bxf3 Nd7 9. O-O Ngf6 10. Be2 Qc7 11. f4 h6 12. Bd3 g5 13. g3 O-O-O 14. Nf3 gxf4 15. gxf4 Rdg8 16. Kh1 Ng4 17. Qe2 Bf6 18. Rb1 Qd8 19. Bd2 e5 20. dxe6 fxe6 21. e5 dxe5 22. f5 exf5 23. Bxf5 Kb8 24. Rbd1 Qe7 25. Bc3 Nb6 26. Bxg4 Rxg4 27. Nxe5 Rd4 28. Bxd4 cxd4 29. Rde1 Qxe5 30. Qxe5+ Bxe5 31. Rxe5 Nxc4 32. Re7 Rd8 33. Rff7 Nd6 34. Rg7 Rc8 35. Rd7 Rc1+ 36. Rg1 Rc6 37. Rg8+ Nc8 38. Rxd4 Rc1+ 39. Kg2 Rc2+ 40. Kf3 Kc7 41. Rg2 Rc6 42. Rg7+ Kb6 43. Rb4+ Kc5 44. Rbxb7 Rf6+ 45. Kg2 Nd6 46. Rxa7 Kd4 47. Ra6 Ke3 48. Re7+ Kf4 49. Rd7 1-0

[Event "Wch-Senior 65+"]
[Site "Bucharest ROM"]
[Date "2019.11.12"]
[Round "1.28"]
[White "Piasetski, Leon"]
[Black "Muratoglu, Salih"]
[Result "0-1"]
[WhiteElo "2246"]
[BlackElo "1935"]
[PlyCount "50"]
[GameId "2129404753266959"]
[EventDate "2019.11.12"]
[EventType "swiss"]
[EventRounds "11"]
[EventCountry "ROU"]
[SourceTitle "10 Days #598"]
[Source "ChessMix"]
[SourceDate "2019.12.01"]
[SourceVersion "1"]
[SourceVersionDate "2019.12.01"]
[SourceQuality "1"]

1. Nf3 d6 2. d4 Nf6 3. g3 Nc6 4. c4 Bf5 5. Nc3 Ne4 6. Nd5 e6 7. Ne3 Bg6 8. Nh4 d5 9. a3 dxc4 10. Nxg6 hxg6 11. Bg2 Nd6 (11... Bd6 12. d5 exd5 13. Nxd5 Be7 (13... Ne5) 14. O-O Qd7 15. Bf4 O-O-O 16. Rc1 Rh5) 12. d5 exd5 13. Nxd5 (13. Bxd5 Be7 14. O-O Qd7) 13... Be7 14. O-O Qd7 15. Bf4 O-O-O 16. Rc1 Rh5 17. e4 Ne5 18. Bxe5 Rxe5 19. f4 Rh5 20. e5 Nb5 21. Rxc4 c6 22. Qa4 Kb8 23. Nxe7 Qxe7 24. Rd1 Rdh8 25. h4 f6 {unread} 0-1